00592nam a2200181 a 450000100100000000500170001000800410002702000150006804000250008308200130010810000270012124500630014826000350021130000210024604900090026795201170027699900170039300002497320200930023501.0110201s1981 xxu r 000 0 eng d a0380547341 aDO-SdBNPbengcBNPHU ann*bnn*1 aCollins, Larry.91055114aThe fifth horse man /cLarry Collins y Dominique Lapierre. aNew York :bAvon Books,c1981. a482 p. ;c18 cm. aBNGR 001054708MOaGRbGRcCTd2011-02-08iLF1l0onn* nn*p24973-10r2020-06-25w2020-06-25y4ZPréstamo en sala c24466d24466